| 000 | 01474nam0a2200349 4500 | ||
|---|---|---|---|
| 001 | RU\NLR\BIBL_A\022572441 | ||
| 005 | 20260420050019.0 | ||
| 010 |
_a978-5-7992-1184-4 _9500 |
||
| 021 |
_aRU _bКН-П-25-022839 _9КН-П-25-2302 |
||
| 021 |
_aRU _bКН-П-25-022839 _9КН-П-25-2569 |
||
| 035 | _a(NLR Aleph) 022572441 | ||
| 090 |
_a13675888 _c13675888 |
||
| 100 | _a20250623d2025 k y0rusy50 ca | ||
| 101 | 0 | _arus | |
| 102 | _aRU | ||
| 105 | _aah z 000yd | ||
| 181 | 0 |
_ai3 _baxxe |
|
| 182 | 0 | _an | |
| 200 | 1 |
_aХуаде Сафер Исмаилович _eизбранное _e[монография] _fЖенетль Н. Х., Хуаде Р. А. |
|
| 203 |
_aТекст _bвизуальный _cнепосредственный |
||
| 210 |
_aМайкоп _cПолиграф-ЮГ _d2025 |
||
| 215 |
_a587, [1] с., [12] л. цв. факс. _cил., факс. _d21 |
||
| 300 | _aНа 4-й с. обл. 1-й авт.: Женетль Н. Х., канд. ист. наук | ||
| 600 | 1 |
_aХуаде _bС. И. _f1935 - 2022 _gСафер Исмаилович _92675614 _3RU\NLR\AUTH\6601759469 |
|
| 686 | 1 | _aЧ612.3(2Р-4Кр-6А)7-8Хуаде | |
| 700 | 1 |
_aЖенетль _bН. Х. _gНурбий Хазретович |
|
| 701 | 1 |
_aХуаде _bР. А. _gРуслан Ахмедович |
|
| 702 | 1 |
_aХуаде _bС. И. _f1935-2022 _gСафер Исмаилович _4280 |
|
| 942 | _cBOOK | ||
| 980 | _aNB | ||